<?xml version="1.0" encoding="UTF-8"?><?xml-stylesheet type="text/xsl" href="static/style.xsl"?><OAI-PMH xmlns="http://www.openarchives.org/OAI/2.0/" xmlns:xsi="http://www.w3.org/2001/XMLSchema-instance" xsi:schemaLocation="http://www.openarchives.org/OAI/2.0/ http://www.openarchives.org/OAI/2.0/OAI-PMH.xsd"><responseDate>2026-04-17T02:36:29Z</responseDate><request verb="GetRecord" identifier="oai:www.recercat.cat:2445/61228" metadataPrefix="marc">https://recercat.cat/oai/request</request><GetRecord><record><header><identifier>oai:recercat.cat:2445/61228</identifier><datestamp>2025-12-05T09:44:19Z</datestamp><setSpec>com_2072_1057</setSpec><setSpec>col_2072_478778</setSpec><setSpec>col_2072_478917</setSpec></header><metadata><record xmlns="http://www.loc.gov/MARC21/slim" xmlns:dcterms="http://purl.org/dc/terms/" xmlns:xsi="http://www.w3.org/2001/XMLSchema-instance" xmlns:doc="http://www.lyncode.com/xoai" xsi:schemaLocation="http://www.loc.gov/MARC21/slim http://www.loc.gov/standards/marcxml/schema/MARC21slim.xsd">
   <leader>00925njm 22002777a 4500</leader>
   <datafield ind2=" " ind1=" " tag="042">
      <subfield code="a">dc</subfield>
   </datafield>
   <datafield ind2=" " ind1=" " tag="720">
      <subfield code="a">Gil Delgado, José Antonio</subfield>
      <subfield code="e">author</subfield>
   </datafield>
   <datafield ind2=" " ind1=" " tag="720">
      <subfield code="a">González-Solís, Jacob</subfield>
      <subfield code="e">author</subfield>
   </datafield>
   <datafield ind2=" " ind1=" " tag="720">
      <subfield code="a">Barbosa, Andrés</subfield>
      <subfield code="e">author</subfield>
   </datafield>
   <datafield ind2=" " ind1=" " tag="260">
      <subfield code="c">2015-01-13T12:57:57Z</subfield>
   </datafield>
   <datafield ind2=" " ind1=" " tag="260">
      <subfield code="c">2015-01-13T12:57:57Z</subfield>
   </datafield>
   <datafield ind2=" " ind1=" " tag="260">
      <subfield code="c">2013-03</subfield>
   </datafield>
   <datafield ind2=" " ind1=" " tag="260">
      <subfield code="c">2015-01-13T12:57:57Z</subfield>
   </datafield>
   <datafield ind2=" " ind1=" " tag="520">
      <subfield code="a">Data about breeding populations of birds in the Antarctica are rare and fragmented. Thus, information about the status of the breeding populations of Antarctic birds is crucial given the current scenario of climate change, which is particularly acute in Antarctica. This paper presents new information about the populations of the Antarctic tern Sterna vittata, the kelp gull Larus dominicanus, the southern giant petrel Macronectes giganteus, the Antarctic skua Catharacta antarctica lonnbergi, the chinstrap penguin Pygoscelis antarctica and the gentoo penguin Pygoscelis papua on Byers Peninsula (Livingston Island, South Shetland Islands). We used line transects counts to estimate both densities and numbers of nests of the different species. We estimate that there are 398.96 birds km-2 of southern giant petrels (2793 individuals), 62.4 birds km-2 of Antarctic tern (3746 individuals) and 269.1 birds km-2 of kelp gull (1884 individuals). Furthermore, we found 15 nests of Antarctic skua in 25 km2, from which we can estimate that 60&lt;br>91 birds must breed on Byers Peninsula. We also censused two colonies of gentoo penguins (3000 and 1200 pairs) and 50 pairs of chinstrap. Compared to previous estimates, gentoo penguins seem to have increased whereas chinstrap penguin have decreased. Finally, the populations of Antarctic tern, southern giant petrel and kelp gull have stabilized or slightly increased.</subfield>
   </datafield>
   <datafield tag="653" ind2=" " ind1=" ">
      <subfield code="a">Ocells</subfield>
   </datafield>
   <datafield tag="653" ind2=" " ind1=" ">
      <subfield code="a">Poblacions animals</subfield>
   </datafield>
   <datafield tag="653" ind2=" " ind1=" ">
      <subfield code="a">Antàrtida</subfield>
   </datafield>
   <datafield tag="653" ind2=" " ind1=" ">
      <subfield code="a">Birds</subfield>
   </datafield>
   <datafield tag="653" ind2=" " ind1=" ">
      <subfield code="a">Animal populations</subfield>
   </datafield>
   <datafield tag="653" ind2=" " ind1=" ">
      <subfield code="a">Antarctica</subfield>
   </datafield>
   <datafield ind2="0" ind1="0" tag="245">
      <subfield code="a">Populations of breeding birds in Byers Peninsula, Livingston Island, South Shetland Islands</subfield>
   </datafield>
</record></metadata></record></GetRecord></OAI-PMH>